Drapeaux retournés identiques - Statistics

General Stats
  • This quiz has been taken 144 times
  • The average score is 3 of 15
Answer Stats
Indice Réponse % Correct
Europe Autriche
65%
Asie Japon
42%
Amérique du Sud Pérou
39%
Afrique Nigeria
28%
Asie Thaïland
25%
Europe Suisse
23%
Europe Lettonie
20%
Asie Laos
19%
Afrique Botswana
15%
Amérique du Nord Costa Rica
15%
Amérique du Nord Jamaïque
9%
Asie Israël
8%
Océanie Micronésie
7%
Europe Macédoine du Nord
6%
Asie Géorgie
4%
No matching quizzes found
Score Distribution
Percent of People with Each Score
Percentile by Number Answered
Your Score History
You have not taken this quiz